Testo Visiera a becco-Sfera Ebbasta - Statistics

Statistiche generali
  • Questo quiz è stato fatto 147 volte
  • Il punteggio medio è 281 su 424
Statistiche sulle risposte
Risposta % Corretto
a
98%
becco
95%
no
95%
No
95%
non
94%
i
93%
E
92%
e
92%
è
92%
Visiera
92%
visiera
92%
fa
91%
in
90%
gli
88%
alla
87%
ha
87%
piu
87%
più
87%
solo
87%
sta
87%
di
86%
roba
85%
se
85%
testa
85%
me
84%
soldi
84%
corri
83%
dal
83%
dato
83%
dire
83%
per
83%
sto
83%
fratelli
81%
miei
81%
si
81%
vuol
81%
ai
80%
blu
80%
puoi
80%
farti
79%
prendere
79%
giro
78%
li
78%
panico
78%
pensando
78%
sempre
78%
farli
77%
quando
77%
luci
76%
nascondono
76%
incontri
73%
occhi
73%
la
72%
svelti
71%
muovono
70%
tom
69%
piedi
65%
visiere
65%
Visiere
65%
salvarli
62%
tu
59%
un
58%
che
56%
ci
53%
hanno
52%
le
52%
TN
52%
cambi
51%
cambia
51%
nulla
51%
vita
51%
con
50%
cane
49%
casa
49%
una
49%
lavoro
48%
fame
45%
normale
45%
strade
45%
chi
43%
cui
42%
il
42%
c'è
41%
ed
41%
giorno
41%
mai
41%
amici
40%
bambino
38%
sanguinare
38%
tocchi
38%
essere
37%
nuovo
37%
quaggiù
37%
sveglia
37%
vuoi
37%
cambiano
36%
prossimo
36%
rinuncia
36%
mamma
35%
vedi
35%
giocare
34%
resta
34%
tempesta
34%
cappello
33%
dalla
33%
fanno
33%
uscire
33%
va
33%
altro
31%
male
31%
pischello
31%
Qui
31%
qui
31%
tornano
31%
lavori
30%
Oggi
30%
poi
30%
tre
30%
tutto
30%
fuori
29%
madre
28%
quella
28%
spetta
28%
abbiamo
27%
certi
27%
piangere
27%
proteggon
27%
tipa
27%
figlio
26%
noi
26%
notte
26%
rapine
26%
riprendono
26%
siam
26%
uccide
26%
ciò
24%
dentro
24%
dove
24%
vie
24%
ogni
23%
padre
23%
parte
23%
ragazzi
23%
tutti
23%
manca
22%
tenerezza
22%
perso
21%
buie
20%
cresciuti
20%
invece
20%
queste
20%
strada
20%
questi
19%
porta
16%
provano
16%
destinazione
14%
diversa
14%
Nessun quiz corrispondente trovato
Distribuzione punteggi
Percentuale di utenti per punteggio
Percentile per numero di risposta
I tuoi punteggi nel tempo
Non hai fatto questo quiz